00488nam a2200193Ia 4500003000400000005001700004008004100021020000700062040000700069082001500076100001900091245005300110250000700163260004100170300003000211500000700241600003300248650001300281OSt20241007055049.0240925s9999 xx 000 0 und d aNA csd a297.57 AHM aAhmed, Manzoor 0aIslam Aur Zindagi (اسلام اور زندگی) aNA aLahore:bIslamic Publicationc,2004. axviii,525p.bNAfOriginal aNA aHumanities & Natural Science aReligion